000 00881nam2a22002411 4500
001 RU\NLR\Per\548605
005 20250617144233.0
035 _a(NLR Aleph) 002717474
090 _a1840280
_c1840280
100 _a20080611d2008 |||y0rusy50 ca
101 0 _arus
102 _aRU
105 _ay ||||000|y
200 0 _a2008, № 4
210 _d2008
_aБ. м.
461 0 _1001RU\NLR\INFOCOMM77\NLR\5000000946
_12001#$aПрофессионал$eЕжемес. регион. практ. журн. бухгалтера$v2008, № 4
_92395479
_cРостов на Дону
_d2005 - 2009
_nПринтМастер
_oЕжемес. регион. практ. журн. бухгалтера
_tПрофессионал
_v2008, № 4
801 1 _aRU
_bInfoComm
_c20060405
801 0 _aRU
_bNLR
_gPSBO
852 _aNLR
_jП23/6212
942 _cISSUE
980 _aNB
980 _aRUSPER